000 00413nam a2200157Ia 4500
005 20250520024119.0
008 240331s9999 xx 000 0 und d
020 _a9552009669
082 _a302.23
_bMAH
100 _aMahendra, S
245 0 _aSannivedhana vichara prathichara
260 _aColombo
_bS, Godage & Brothers
_c1993
300 _a147 p.,
500 _aCommunication Critical Responses
942 _cL
999 _c1130
_d1130